Jugalbandi / (Record no. 143361)

MARC details
000 -LEADER
fixed length control field 00553nam a22001937a 4500
005 - DATE AND TIME OF LATEST TRANSACTION
control field 20170814152327.0
010 ## - LCCN (DPL NO)
LC control number ENG-119768
020 ## - INTERNATIONAL STANDARD BOOK NUMBER
Terms of availability 750.00
International Standard Book Number 9789389393293
035 ## - SYSTEM CONTROL NUMBER
System control number EN-103300
037 ## - SOURCE OF ACQUISITION
Source of stock number/acquisition DBAD/PUB
082 ## - DEWEY DECIMAL CLASSIFICATION NUMBER
Classification number 786.93
100 ## - MAIN ENTRY--PERSONAL NAME
Personal name Dwivedi, Om
245 ## - TITLE STATEMENT
Title Jugalbandi /
Statement of responsibility, etc by Om Dwivedi
260 ## - PUBLICATION, DISTRIBUTION, ETC. (IMPRINT)
Place of publication, distribution, etc Allahabad
Name of publisher, distributor, etc Sanket Prakashan
Date of publication, distribution, etc 2016
270 ## - ADDRESS
City Allahabad
Address 5, Upendra Nath Ashk Marg, Old Khusro Bhag Road
Postal code 211001
300 ## - PHYSICAL DESCRIPTION
Extent v,296p. :
Dimensions 22cm(Hb)
Other physical details ill.
700 ## - ADDED ENTRY--PERSONAL NAME
Personal name Mashhadi, Zakia
942 ## - ADDED ENTRY ELEMENTS (KOHA)
Item type English Books
Classification part 786.93
Call number suffix DWI
Source of classification or shelving scheme Library of Congress Classification
Holdings
Withdrawn status Lost status Not for loan Collection code Home library Current library Date acquired Source of acquisition Cost, normal purchase price Full call number Barcode Copy number Cost, replacement price Koha item type
      Non-fiction D.B.Act.Division Mobile Library 14/08/2017 DBAD/PUB 750.00 786.93 DWI EN-103300 1 750.00 English Books

© Delhi Public Library
Hit Counter
free hit counter